000 00257nam a22001097a 4500
082 _a004
_bVEL/C
100 _aVELUPPADAM , JOHNSON
245 _aCOMPUTER AT A GLANCE
246 _aCOMPUTER AT A GLANCE
_bCOMPUTER AT A GLANCE
650 _aCOMPUTER
942 _cBK
999 _c8884
_d8884